Wilson, el Chiflado

Zapisane w:
Opis bibliograficzny
1. autor: Twain, Mark (Autor)
Format: Książka
Język:hiszpański
Wydane: Barcelona Alba 1999
Wydanie:1a. ed
Seria:Primeros Clásicos
Hasła przedmiotowe:
Etykiety: Dodaj etykietę
Nie ma etykietki, Dołącz pierwszą etykiete!

MARC

LEADER 00000nam a2200000 a 4500
001 UCG1324
003 CL-VaPUC
008 100429e19990000SP |||||||||||||||||spa|d
020 |a 8489846650 
082 0 4 |a 9  |b TWA  |2 21 
100 0 |a Twain, Mark  |e author  |9 243 
245 1 0 |a Wilson, el Chiflado 
250 |a 1a. ed 
300 |a 237 p 
942 |c BK 
945 |d 20100429 00:00:00  |a cmena 
260 |a Barcelona  |b Alba  |c 1999 
650 0 |a Literatura infantil   |9 307465 
650 0 |a Cuentos estadounidenses  |9 265133 
583 |a last modification  |c 20100429 00:00:00  |k Rodrigo Vera 
490 0 |a Primeros Clásicos 
999 |c 340728  |d 340726 
952 |0 0  |1 0  |4 0  |6 9_000000000000000_TWA_1999  |7 0  |8 C  |9 435706  |a BIBCUR  |b BIBCUR  |d 2019-11-22  |i 4669169  |l 2  |o 9 TWA 1999  |p 4669169  |r 2025-04-22  |s 2024-11-05  |w 2019-11-22  |y BK  |k INF